Pre accession economic programme 2013-2015 / (Record no. 200129434)

MARC details
000 -LEADER
fixed length control field 01275 a2200325 4500
001 - CONTROL NUMBER
control field 200129434
003 - CONTROL NUMBER IDENTIFIER
control field TR-AnTOB
005 - DATE AND TIME OF LATEST TRANSACTION
control field 20240906105636.0
008 - FIXED-LENGTH DATA ELEMENTS--GENERAL INFORMATION
fixed length control field 130522s2012 tu 000 0
020 ## - INTERNATIONAL STANDARD BOOK NUMBER
International Standard Book Number 9786054667321
040 ## - CATALOGING SOURCE
Original cataloging agency TR-AnTOB
041 ## - LANGUAGE CODE
Language code of text/sound track or separate title İngilizce
050 00 - LIBRARY OF CONGRESS CALL NUMBER
Classification number HC492
Item number .K37 2012
090 ## - LOCALLY ASSIGNED LC-TYPE CALL NUMBER (OCLC); LOCAL CALL NUMBER (RLIN)
Classification number (OCLC) (R) ; Classification number, CALL (RLIN) (NR) HC492 .K37 2012
245 00 - TITLE STATEMENT
Title Pre accession economic programme 2013-2015 /
Statement of responsibility, etc. Ministry of Development.
264 #1 - PRODUCTION, PUBLICATION, DISTRIBUTION, MANUFACTURE, AND COPYRIGHT NOTICE
Place of production, publication, distribution, manufacture Ankara:
Name of producer, publisher, distributor, manufacturer Ministry of Development,
Date of production, publication, distribution, manufacture, or copyright notice 2012.
300 ## - PHYSICAL DESCRIPTION
Extent vi, 90 p. :
Other physical details grf., tbl. ;
Dimensions 27 cm.
505 ## - FORMATTED CONTENTS NOTE
Formatted contents note 1. Policy framework and objectives -- 2. Macroeconomic outlook -- 3. Public finance -- 4. Structural reforms.
651 #0 - SUBJECT ADDED ENTRY--GEOGRAPHIC NAME
Geographic name Turkey
General subdivision Foreign economic relations
Geographic subdivision European Union countries
9 (RLIN) 22260
Geographic name European Union countries
General subdivision Foreign economic relations
Geographic subdivision Turkey
9 (RLIN) 22262
Geographic name Türkiye
General subdivision Ekonomik durum
9 (RLIN) 80633
650 #0 - SUBJECT ADDED ENTRY--TOPICAL TERM
Topical term or geographic name entry element Economic indicators
Geographic subdivision Turkey
9 (RLIN) 18462
Topical term or geographic name entry element Ekonomik göstergeler
Geographic subdivision Türkiye
9 (RLIN) 18460
651 #0 - SUBJECT ADDED ENTRY--GEOGRAPHIC NAME
Geographic name Turkey
General subdivision Economic conditions
9 (RLIN) 80629
Geographic name Avrupa Birliği ülkeleri
General subdivision Dış ekonomik ilişkiler
Geographic subdivision Türkiye
9 (RLIN) 22256
Geographic name Türkiye
General subdivision Dış ekonomik ilişkiler
Geographic subdivision Avrupa Birliği ülkeleri
9 (RLIN) 22258
710 ## - ADDED ENTRY--CORPORATE NAME
Corporate name or jurisdiction name as entry element Türkiye.
Subordinate unit Kalkınma Bakanlığı
9 (RLIN) 86831
942 ## - ADDED ENTRY ELEMENTS (KOHA)
Koha item type Book
Holdings
Withdrawn status Lost status Materials specified (bound volume or other part) Not for loan Collection code Home library Current library Shelving location Date acquired Source of acquisition Cost, normal purchase price Serial Enumeration / chronology Inventory number Total Checkouts Total Holds Full call number Barcode Copy number Cost, replacement price Date shelved Koha item type
    c.2/İng. Ödünç Verilebilir / Available Genel Koleksiyon Merkez Kütüphane Merkez Kütüphane Genel Koleksiyon / Main Collection 22/05/2013 Bağış / Donation 0.00 1 İKT     HC492 .K37 2012 0042040 2 0.01   Book
Devinim Yazılım Eğitim Danışmanlık tarafından Koha'nın orjinal sürümü uyarlanarak geliştirilip kurulmuştur.